Discourse and Digital Practices : Doing Discourse Analysis in the Digital Age /
Estudio que aplica las herramientas del análisis del discurso a las diversas prácticas relacionadas con el uso de los nuevos dispositivos digitales de comunicación y las redes sociales con el fin de explorar y comprender las tendencias en este ámbito de lo digital.
Gespeichert in:
| 1. Verfasser: | |
|---|---|
| Weitere Verfasser: | , |
| Format: | Buch |
| Sprache: | Englisch |
| Veröffentlicht: |
Londres, Inglaterra :
Routledge,
2015, c2015
|
| Schlagworte: | |
| Online-Zugang: | Ver documento en línea |
| Tags: |
Keine Tags, Fügen Sie das erste Tag hinzu!
|
MARC
| LEADER | 00000nam^a2200000^a^4500 | ||
|---|---|---|---|
| 001 | 000359978 | ||
| 005 | 20251023000000.0 | ||
| 009 | 20260310115411.533 | ||
| 020 | |a 978-1-315-72646-5 | ||
| 037 | |a Acervo ITESO - Biblioteca | ||
| 041 | |a ING | ||
| 082 | |a 302. 23701 |b JON | ||
| 100 | |a Jones, Rodney H. |e (edición) | ||
| 245 | 1 | 0 | |a Discourse and Digital Practices : |b Doing Discourse Analysis in the Digital Age / |c Ed. de R.H. Jones, A. Chik, C.A. Hafner. |
| 264 | 4 | |a Londres, Inglaterra : |b Routledge, |c 2015, c2015 | |
| 264 | 2 | |a Birmingham, EUA : |b EBSCOhost [distribución], |c 2015 | |
| 300 | |a 1 libro electrónico en línea (XI, 250 p.) | ||
| 300 | |a 1 recurso en línea | ||
| 336 | |a datos para computadora |b cod |2 rdacontenido | ||
| 337 | |a computadora |b c |2 rdamedio | ||
| 338 | |a recurso en línea |b cr |2 rdasoporte | ||
| 506 | 1 | |a 1 licencia | |
| 520 | |a Estudio que aplica las herramientas del análisis del discurso a las diversas prácticas relacionadas con el uso de los nuevos dispositivos digitales de comunicación y las redes sociales con el fin de explorar y comprender las tendencias en este ámbito de lo digital. | ||
| 521 | |a 2015 BO Maestría en Comunicación de la Ciencia y la Cultura | ||
| 521 | |a 2017 BO Licenciatura en Diseño de Indumentaria y Moda | ||
| 521 | |a 2019 BO Licenciatura en Ciencias de la Comunicación | ||
| 521 | |a 2019 BO Licenciatura en Comunicación y Artes Audiovisuales | ||
| 521 | |a 2019 BO Licenciatura en Periodismo y Comunicación Pública | ||
| 521 | |a 2019 BO Licenciatura en Publicidad y Comunicación Estratégica | ||
| 530 | |a Existe una edición en formato impreso con el mismo título | ||
| 649 | |a XX | ||
| 650 | |a Videojuegos - |x Aspectos Sociales y Culturales | ||
| 650 | |a Teléfono Inteligente - |x Aspectos Sociales y Culturales | ||
| 650 | |a YouTube - |x Aspectos Sociales y Culturales | ||
| 650 | |a Medios Sociales (Internet) - |x Aspectos Sociales y Culturales | ||
| 650 | |a Redes Sociales (Internet) - |x Aspectos Sociales y Culturales | ||
| 650 | |a Tecnologías de Comunicación e Información - |x Aspectos Sociales y Culturales - |x Tema Principal | ||
| 650 | |a Análisis del Discurso - |x Tema Principal | ||
| 650 | |a Intertextualidad | ||
| 650 | |a Semiótica y Comunicación | ||
| 650 | |a Lingüística | ||
| 650 | |a Comunicación | ||
| 700 | |a Chik, Alice |e (edición) | ||
| 700 | |a Hafner, Christoph A. |e (edición) | ||
| 856 | 4 | 0 | |u https://ezproxy.iteso.mx/login?url=https://search.ebscohost.com/login.aspx?direct=true&scope=site&db=nlebk&db=nlabk&AN=955907 |y Ver documento en línea |
| 910 | |a Fondo General | ||
| 920 | |a Electrónicos - Libros en Línea | ||
| 930 | |a Plataforma Digital | ||
| 905 | |a 205 | ||
| 901 | |a 359978-1 |b IT2 |c EBO |i C893 |u 20250521 | ||
| 901 | |a 359978-2 |b IT2 |c EBO |i C893 |u 20250521 | ||
| 901 | |a 359978-3 |b IT2 |c EBO |i C893 |u 20250521 | ||
| 902 | |a https://opac.biblio.iteso.mx/vufind/Record/000359978 | ||